| 000 | 00288 a2200085 4500 | ||
|---|---|---|---|
| 100 | 1 |
_aKing, G.G.. _eAutor |
|
| 245 | 0 |
_aDictionnaire Anglais-Francais Electronique Physique Nucleaire et Sciences Connexes / _cKing G.G.. |
|
| 710 | 2 |
_aDunod. _eWydawca _4pbl |
|
| 260 |
_aParis : _bDunod, _c1959. |
||
| 300 |
_aVI s.; _c24 cm. |
||
| 999 |
_c7097 _d7097 |
||